Lessons and consequences of the october war / (Record no. 124235)

MARC details
000 -LEADER
fixed length control field 00763nam a22002297a 4500
005 - DATE AND TIME OF LATEST TRANSACTION
control field 20170124105936.0
010 ## - LIBRARY OF CONGRESS CONTROL NUMBER
LC control number 846420
020 ## - INTERNATIONAL STANDARD BOOK NUMBER
Terms of availability 35.00
International Standard Book Number 0706905033
035 ## - SYSTEM CONTROL NUMBER
System control number 846420
037 ## - SOURCE OF ACQUISITION
Source of stock number/acquisition Cen Lib/Ret
040 ## - CATALOGING SOURCE
Original cataloging agency DPL
Language of cataloging EN
082 ## - DEWEY DECIMAL CLASSIFICATION NUMBER
Classification number 355.953
Item number MAS
100 ## - MAIN ENTRY--PERSONAL NAME
Personal name Narayan, B.K.
9 (RLIN) 73502
245 ## - TITLE STATEMENT
Title Lessons and consequences of the october war /
Statement of responsibility, etc B,.K. Narayan
260 ## - PUBLICATION, DISTRIBUTION, ETC. (IMPRINT)
Place of publication, distribution, etc New Delhi
Name of publisher, distributor, etc Vikas Publishing House Pvt. Ltd.
Date of publication, distribution, etc 1977
270 ## - ADDRESS
Address 5 Ansari Road
City New Delhi
Postal code 110002
300 ## - PHYSICAL DESCRIPTION
Extent vii,95p. :
Dimensions 20cm(Hb)
Other physical details ill.
500 ## - GENERAL NOTE
General note Includes Bibliographical references and index,
650 ## - SUBJECT ADDED ENTRY--TOPICAL TERM
Topical term or geographic name as entry element Israel-Arab War, 1973 -- Influence.
9 (RLIN) 73503
650 ## - SUBJECT ADDED ENTRY--TOPICAL TERM
Topical term or geographic name as entry element Influence (Literary, artistic, etc.)
9 (RLIN) 73504
942 ## - ADDED ENTRY ELEMENTS (KOHA)
Source of classification or shelving scheme Dewey Decimal Classification
Koha item type English Books
Classification part 355.953
Call number suffix NAR
Holdings
Withdrawn status Lost status Damaged status Not for loan Home library Current library Date acquired Source of acquisition Cost, normal purchase price Total Checkouts Full call number Barcode Date last seen Copy number Cost, replacement price Price effective from Koha item type Public note
Written off       Central Library Central Library 15/06/2015 Cen Lib/Ret 35.00   355.953 MAS 846420 15/06/2015 1 35.00 15/06/2015 English Books Written off on approval by DLB (By Circulation); dtd 15-06-2023

© Delhi Public Library
Hit Counter
free hit counter